Ngữ văn nâng cao 10
Sách được thiết kế gồm 3 phần: phần văn học, tiếng Việt và làm văn giúp học sinh nâng cao hiểu biết, phát huy khả năng tìm tòi, sáng tạo về ngôn ngữ và văn học.
Shranjeno v:
| Glavni avtor: | |
|---|---|
| Format: | Knjiga |
| Jezik: | Undetermined |
| Izdano: |
Hà Nội
Giáo dục
2007
|
| Teme: | |
| Oznake: |
Označite
Brez oznak, prvi označite!
|
| Thư viện lưu trữ: | Trung tâm Học liệu Trường Đại học Cần Thơ |
|---|
| LEADER | 00835nam a2200205Ia 4500 | ||
|---|---|---|---|
| 001 | CTU_156461 | ||
| 008 | 210402s9999 xx 000 0 und d | ||
| 082 | |a 495.9220712 | ||
| 082 | |b S550/T.1 | ||
| 100 | |a Trần, Đình Sử | ||
| 245 | 0 | |a Ngữ văn nâng cao 10 | |
| 245 | 0 | |c Trần Đình Sử tổng chủ biên | |
| 260 | |a Hà Nội | ||
| 260 | |b Giáo dục | ||
| 260 | |c 2007 | ||
| 520 | |a Sách được thiết kế gồm 3 phần: phần văn học, tiếng Việt và làm văn giúp học sinh nâng cao hiểu biết, phát huy khả năng tìm tòi, sáng tạo về ngôn ngữ và văn học. | ||
| 650 | |a Philology | ||
| 650 | |x Study and teaching (secondary) | ||
| 904 | |i Bạch Trúc | ||
| 980 | |a Trung tâm Học liệu Trường Đại học Cần Thơ | ||